250 cases in clinical medicine

Bibliographic Details
Main Author: Baliga, R. R. (Author)
Format: Book
Language:English
Published: Edinburgh : Elsevier/Saunders , 2012
Edition:2nd ed.
Subjects:

MARC

LEADER 00000cam a2200000 7i4500
001 0000078613
005 20121218093000.0
008 120625s2012 enk eng
020 |a 9780702033865 
050 0 0 |a RC66   |b .R35 2012 
060 1 0 |a WB 18.2   |b B171t 2012 
090 0 0 |a WB 18.2   |b B171t 2012 
100 1 |a Baliga, R. R. ,   |e author 
245 1 0 |a 250 cases in clinical medicine   |c Ragavendra R. Baliga 
246 3 |a Two hundred and fifty short cases in clinical medicine 
250 |a 2nd ed. 
260 |a Edinburgh :   |b Elsevier/Saunders ,   |c 2012 
300 |a xvii, 909 p. ;   |c 19 cm. 
500 |a Includes index 
650 0 |a Clinical medicine   |x Case studies 
650 0 |a Clinical medicine   |x Problems, exercises, etc 
650 1 2 |a Clinical Medicine 
655 2 |a Case Reports 
655 2 |a Problems and Exercises 
999 |a 1000148960   |b Book   |c Reference   |e Medical Campus